Globalización, desarrollo y densidad nacional /

Guardat en:
Dades bibliogràfiques
Autor principal: Ferrer, Aldo
Format: Text
Etiquetes: Afegir etiqueta
Sense etiquetes, Sigues el primer a etiquetar aquest registre!

MARC

LEADER 00000 a a2200000 04500
001 43023
003
040
100 |a Ferrer, Aldo  
245 |a Globalización, desarrollo y densidad nacional /  |c Aldo Ferrer  
500 |a Cuadernos de CLACSO N° 4  
773 |g número 1-6 ( , 2008), páginas 43-48  
999 |c 29286  |d 29286